000 00571nam a22002177a 4500
005 20260515114919.0
008 220526b ||||| |||| 00| 0 eng d
020 _a9789385436154
040 _aIN-DiNC
_cIN-DiNC
041 _deng
082 _a822
_bBRE
100 _aBrect, Bertolt
_eauthor
245 _aThe good person of szechwan/
_cby Bertolt Brect
250 _a3rd ed.
260 _aNew Delhi:
_bBloomsbury,
_c2015.
300 _a147p.
650 _aEnglish Drama
700 _aWillett, John
_eEditor
700 _aManheim, Ralph
_eEditor
942 _2ddc
_cBK
999 _c11287
_d11287